Agata e Pietra Nera : il difficile sentiero dell'educazione sentimentale /
Na minha lista:
| Autor Corporativo: | |
|---|---|
| Outros Autores: | , |
| Formato: | Livro |
| Idioma: | Língua italiana |
| Publicado em: |
Cesena :
Il ponte vecchio,
stampa 1999
|
| Tags: |
Sem tags, seja o primeiro a adicionar uma tag!
|
MARC
| LEADER | 00000nam a22000007i 4500 | ||
|---|---|---|---|
| 001 | IT\ICCU\MOD\0611755 | ||
| 003 | ItRI | ||
| 005 | 20260115232404.0 | ||
| 008 | 011207s1999 it |||||| ||||| |||||c | ||
| 040 | |b ita |c importazione bologna sebina | ||
| 041 | 7 | |a ita |2 ISO-639-2 | |
| 245 | 0 | 0 | |a Agata e Pietra Nera : |b il difficile sentiero dell'educazione sentimentale / |c una guida bibliografica a cura di Hamelin associazione culturale: Anna Antoniazzi ... [et al.] ; collaborazione di Enrico Danesi. |
| 260 | |a Cesena : |b Il ponte vecchio, |c stampa 1999 | ||
| 300 | |a 44 p. : |b ill. ; |c 16x23 cm. | ||
| 700 | 1 | |a Antoniazzi, Anna |0 IT\ICCU\MODV\219734 | |
| 700 | 1 | |a Danesi, Enrico |0 IT\ICCU\MODV\219736 | |
| 710 | 2 | |a Hamelin (associazione culturale) |0 IT\ICCU\RAVV\104016 | |
| 942 | |2 ddc |c BK |n 0 | ||
| 952 | |0 0 |1 0 |4 0 |6 R_016_808000000000000_HAM |7 0 |9 25261 |a BO |b BO |d 2026-01-15 |i 11852 |l 0 |o R 016.808 HAM |p BO11852 |r 2026-01-15 23:24:04 |w 2026-01-15 |x [Sebina 5] [1 v.] |y BK |z 1 v. | ||
| 999 | |c 21464 |d 21464 | ||